Introducción a la química / (Record no. 83997)
[ view plain ]
| 000 -LEADER | |
|---|---|
| fixed length control field | 00627cam a2200217 4500 |
| 008 - FIXED-LENGTH DATA ELEMENTS--GENERAL INFORMATION | |
| fixed length control field | t20012001mx a spa |
| 020 ## - INTERNATIONAL STANDARD BOOK NUMBER | |
| International Standard Book Number | 968-18-1712-5 |
| 050 04 - LIBRARY OF CONGRESS CALL NUMBER | |
| Classification number | QD31 |
| Item number | M3 1992 |
| 100 1# - MAIN ENTRY--PERSONAL NAME | |
| Personal name | Malone, Leo J. |
| 245 10 - TITLE STATEMENT | |
| Title | Introducción a la química / |
| Statement of responsibility, etc | Leo J. Malone. |
| 250 ## - EDITION STATEMENT | |
| Edition statement | 1a ed. |
| 260 ## - PUBLICATION, DISTRIBUTION, ETC. (IMPRINT) | |
| Place of publication, distribution, etc | México : |
| Name of publisher, distributor, etc | Limusa, |
| Date of publication, distribution, etc | c1992 |
| 300 ## - PHYSICAL DESCRIPTION | |
| Extent | vii, 685 p. : |
| Other physical details | il. ; |
| Dimensions | 24 cm. |
| 506 ## - RESTRICTIONS ON ACCESS NOTE | |
| Terms governing access | Rec. Prop. Esc. |
| 504 ## - BIBLIOGRAPHY, ETC. NOTE | |
| Bibliography, etc | Incluye apéndices, glosario e índices |
| 500 ## - GENERAL NOTE | |
| General note | Traducción de : Basic concepts of chemistry |
| 650 #7 - SUBJECT ADDED ENTRY--TOPICAL TERM | |
| Topical term or geographic name as entry element | Química |
| Source of heading or term | Lemb |
| 942 ## - ADDED ENTRY ELEMENTS (KOHA) | |
| Source of classification or shelving scheme | Biblioteca del Cogreso de los Estados Unidos |
| Koha item type | Libro |
| Estado de pérdida | Fuente de clasificación | Estado del daño | No para préstamo | Ubicación permanente | Ubicación actual | Apartado o colección | Fecha de adquisición | Edición | Dependencia de educación superior (DES) | Área del conocimiento | Clasificación | Código de Barras | Date last seen | Número de copia | Tipo de recurso | Costo por reposición |
|---|---|---|---|---|---|---|---|---|---|---|---|---|---|---|---|---|
| Biblioteca del Cogreso de los Estados Unidos | Biblioteca de la Facultad de Biología | Biblioteca de la Facultad de Biología | General | 18/09/2015 | 1a. ed. | Ciencias Biológicas y Agropecuarias | Ciencias Naturales y Exactas | QD31 M3 r1992 | BFB000003214 | 18/09/2015 | C:1 | Libro | ||||
| Biblioteca del Cogreso de los Estados Unidos | Biblioteca de la Preparatoria Ing. Pascual Ortiz Rubio | Biblioteca de la Preparatoria Ing. Pascual Ortiz Rubio | General | 10/11/2015 | 1a. ed. | Ciencias Naturales y Exactas | QD31 M3 2000 | PPO000003819 | 10/11/2015 | C:1 | Libro | |||||
| Biblioteca del Cogreso de los Estados Unidos | Biblioteca de la Preparatoria Ing. Pascual Ortiz Rubio | Biblioteca de la Preparatoria Ing. Pascual Ortiz Rubio | General | 10/11/2015 | 1a. ed. | Ciencias Naturales y Exactas | QD31 M3 2000 | PPO000003818 | 10/11/2015 | C:2 | Libro | |||||
| Biblioteca del Cogreso de los Estados Unidos | Biblioteca de la Preparatoria Ing. Pascual Ortiz Rubio | Biblioteca de la Preparatoria Ing. Pascual Ortiz Rubio | General | 10/11/2015 | 1a. ed. | Ciencias Naturales y Exactas | QD31 M3 2000 | PPO000003817 | 10/11/2015 | C:3 | Libro | |||||
| Biblioteca del Cogreso de los Estados Unidos | Biblioteca de la Preparatoria Isaac Arriaga | Biblioteca de la Preparatoria Isaac Arriaga | General | 28/11/2019 | 1a.ed. | Nivel Medio Superior | Ciencias Naturales y Exactas | QD31 M35 r1992 | PIA000004777 | 28/11/2019 | C:1 | Libro | 1.00 |